000 00387nam a2200157Ia 4500
001 8371
003 IN-NITTTR
005 20251114233037.0
008 251113s9999||||xx |||||||||||||| ||eng||
040 _beng
040 _cIN-NITTTR
041 _aeng
082 _a690 S52 P
245 0 _aSeminar on developments in construction technology on 6th&7th december, 1975 /
942 _2ddc
_cBK
999 _c11009
_d11009